00504nam a2200193 a 4500001001300000003000900013005001700022008004100039020001000080082001300090100002100103245003700124260004700161300000900208500003500217505001000252650002700262700002100289nice12345678IN_TiNIC20260116011319.0050524s1954 mysa grp 000 0 eng  ac10000a234bEST aEstborn, Sigfrid aChristian Doctrine of Salvation. aMysorebChristian Literature Societyc1954 a238p aincludes index and biblioraphy2 aIndex aSalvation-Christianity1 aEstborn, Sigfrid